| 000 -LEADER |
| fixed length control field |
00568nam a2200169Ia 4500 |
| 008 - FIXED-LENGTH DATA ELEMENTS--GENERAL INFORMATION |
| fixed length control field |
190805s9999||||xx |||||||||||||| ||und|| |
| 020 ## - INTERNATIONAL STANDARD BOOK NUMBER |
| International Standard Book Number |
9780852889459 |
| Terms of availability |
£ 24.00 |
| 082 04 - DEWEY DECIMAL CLASSIFICATION NUMBER |
| Classification number |
623.890212 |
| Item number |
N774 |
| 100 1# - MAIN ENTRY--PERSONAL NAME |
| Personal name |
Norie, J. W. |
| 245 10 - TITLE STATEMENT |
| Title |
Nories Nautical Tables : with an explanation of their use. / |
| 260 ## - PUBLICATION, DISTRIBUTION, ETC. (IMPRINT) |
| Place of publication, distribution, etc |
Cambridgeshire : |
| Name of publisher, distributor, etc |
Imray,Laurie,Norie & Wilson Ltd, |
| Date of publication, distribution, etc |
2007, reprinted 2016 |
| 300 ## - PHYSICAL DESCRIPTION |
| Extent |
568 p. |
| Other physical details |
: |
| Dimensions |
; 30 cm. |
| 650 #0 - SUBJECT ADDED ENTRY--TOPICAL TERM |
| Topical term or geographic name as entry element |
Navigation |
| Form subdivision |
Tables |
| 700 1# - ADDED ENTRY--PERSONAL NAME |
| Personal name |
Blance, A. G. |
| 852 ## - LOCATION/CALL NUMBER |
| Location |
|
| 942 ## - ADDED ENTRY ELEMENTS (KOHA) |
| Item type |
Books |